An anthropology of animism and shamanism /

Bibliographic Details
Main Author: Yamada, Takako
Format: Book
Language:English
Published: Budapest : Akadémiai Kiadó, [1999]
Series:Bibliotheca shamanistica ; v. 8.
Subjects:

MARC

Tag First Indicator Second Indicator Subfields
LEADER 00000cam a2200000Ia 4500
001 in00001575721
005 20151022093844.0
008 000401s1999 hu af b 001 0 engsd
020 |a 963057683X 
035 |a (OCoLC)ocm43765192 
040 |a OHX  |c OHX  |d VVC  |d TXA  |d UtOrBLW 
043 |a a-cc-ti  |a a-ja---  |a e-urs-- 
049 |a TXAM 
072 7 |a GN  |2 lcco 
072 7 |a DS  |2 lcco 
090 |a BL2370.S5  |b Y36 1999 
100 1 |a Yamada, Takako. 
245 1 3 |a An anthropology of animism and shamanism /  |c Takako Yamada. 
264 1 |a Budapest :  |b Akadémiai Kiadó,  |c [1999] 
264 4 |c ©1999 
300 |a xii, 165 pages, 4 unnumbered pages of plates :  |b illustrations ;  |c 24 cm. 
336 |a text  |b txt  |2 rdacontent 
337 |a unmediated  |b n  |2 rdamedia 
338 |a volume  |b nc  |2 rdacarrier 
490 1 |a Bibliotheca shamanistica ;  |v v. 8 
505 0 |a Shamanism and medicine among the Ladakhi in western Tibet -- Ainu worldview -- The revival of shamanism among the Sakha. 
504 |a Includes bibliographical references (pages 151-160) and index. 
500 |a Collection of texts published previously. 
650 0 |a Shamanism  |z China  |z Tibet Autonomous Region. 
650 0 |a Animism  |z Japan  |z Hokkaido. 
650 0 |a Shamanism  |z Russia (Federation)  |z Siberia. 
830 0 |a Bibliotheca shamanistica ;  |v v. 8. 
938 |a Otto Harrassowitz  |b HARR  |n har005118758  |c 118.00 DEM 
994 |a E0  |b TXA 
948 |a cataloged  |b h  |c 2000/12/12  |d c  |e lmiller  |f 5:27:11 pm 
999 |a MARS 
999 f f |s 7fbc4fbe-54e3-3fa1-a7df-07e3d6337205  |i 81f4c754-a89a-358a-8fdb-d7a41a73e859  |t 0 
952 f f |p ric  |a Texas A&M University  |b Rellis Campus  |c Joint Library Facility  |d Remote Storage  |t 0  |e BL2370.S5 Y36 1999  |h Library of Congress classification  |i unmediated -- volume  |m A14826996200 
998 f f |a BL2370.S5 Y36 1999  |t 0  |l Remote Storage